header

A companion to ancient Greek government (Record no. 64923)

MARC details
000 -LEADER
fixed length control field 01663nam a2200349 a 4500
082 04 - DEWEY DECIMAL CLASSIFICATION NUMBER
Classification number 320.438
245 02 - TITLE STATEMENT
Title A companion to ancient Greek government
260 ## - PUBLICATION, DISTRIBUTION, ETC. (IMPRINT)
Place of publication Chichester, West Sussex :
Name of publisher John Wiley & Sons,
Year of publication 2013.
300 ## - PHYSICAL DESCRIPTION
Number of Pages xviii, 590 p. :
Other physical details ill., maps.
505 0# - FORMATTED CONTENTS NOTE
Formatted contents note pt. I. Greek government in history -- pt. II. Ancient templates and typologies -- pt. III. To rule and be ruled : Greek governing bodies -- pt. IV. Process and procedure -- pt. V. Responsibilities and realms of action -- pt. VI. Space and memory -- pt. VII. Government beyond the city-state.
650 #0 - SUBJECT ADDED ENTRY--TOPICAL TERM
Topical Term Political science
Topical Term Political science
700 1# - ADDED ENTRY--PERSONAL NAME
Personal name Beck, Hans,
856 40 - ELECTRONIC LOCATION AND ACCESS
Uniform Resource Identifier http://site.ebrary.com/lib/rucke/Doc?id=10657909

No items available.

© 2026 Rongo University
Contact us: librarian | system librarian | Rongo university